Let's be enemies / (Record no. 7118)

MARC details
000 -LEADER
fixed length control field 01220nam a22003017a 4500
001 - CONTROL NUMBER
control field 7118
003 - CONTROL NUMBER IDENTIFIER
control field FISKH
005 - DATE AND TIME OF LATEST TRANSACTION
control field 20251024115206.0
008 - FIXED-LENGTH DATA ELEMENTS--GENERAL INFORMATION
fixed length control field 250624b cb ||||| |||| 00| 0 eng d
020 ## - INTERNATIONAL STANDARD BOOK NUMBER
International Standard Book Number 9780064431880
040 ## - CATALOGING SOURCE
Original cataloging agency FISKH
Language of cataloging eng
Transcribing agency FISKH
Modifying agency FISKH
050 ## - LIBRARY OF CONGRESS CALL NUMBER
Classification number PZ7.U27 L
082 ## - DEWEY DECIMAL CLASSIFICATION NUMBER
Classification number 177
100 ## - MAIN ENTRY--PERSONAL NAME
Personal name Udry, Janice May
245 ## - TITLE STATEMENT
Title Let's be enemies /
Statement of responsibility, etc. by Janice May Udry : Pictures by Maurice Sendak
250 ## - EDITION STATEMENT
Edition statement First Harper Trophy edition, 1988
260 ## - PUBLICATION, DISTRIBUTION, ETC.
Place of publication, distribution, etc. New York :
Name of publisher, distributor, etc. HarperCollins Publisher ,
Date of publication, distribution, etc. 1961.
300 ## - PHYSICAL DESCRIPTION
Extent 32 unnumbered pages :
Other physical details color illustrations ;
Dimensions 15 cm .
505 ## - FORMATTED CONTENTS NOTE
Formatted contents note J <br/>
520 ## - SUMMARY, ETC.
Summary, etc. James used to be my friend. But today he is my enemy. James and John are best friends--or at least they used to be. They shared pretzels, umbrellas, and even chicken pox. Now James always wants to be boss, and John doesn't want to be friends anymore. But when he goes to James' house to tell him so, something unexpected happens.<br/>
521 8# - TARGET AUDIENCE NOTE
Target audience note 470 <br/>
Source Lexile <br/>
521 8# - TARGET AUDIENCE NOTE
Target audience note J <br/>
Source Raz-Plus <br/>
650 ## - SUBJECT ADDED ENTRY--TOPICAL TERM
Topical term or geographic name entry element Friendship
Form subdivision Juvenile Literatrue
650 ## - SUBJECT ADDED ENTRY--TOPICAL TERM
Topical term or geographic name entry element Fighting
Form subdivision Juvenile Literatrue
700 ## - ADDED ENTRY--PERSONAL NAME
Personal name Sendak, Maurice
Relator term Illustrator
942 ## - ADDED ENTRY ELEMENTS (KOHA)
Source of classification or shelving scheme Dewey Decimal Classification
Koha item type Books
Suppress in OPAC No
Holdings
Withdrawn status Lost status Source of classification or shelving scheme Damaged status Not for loan Collection Home library Current library Shelving location Date acquired Total Checkouts Full call number Barcode Date last seen Price effective from Koha item type Copy number
    Dewey Decimal Classification     Juvenile Fiction Footprints International School Library Network Toul Kork Campus Footprints International School Library Network Toul Kork Campus TK Primary Library Room(4th Floor), Bookcase 1&2, Shelves 1-16, Dark Blue Books 10/24/2025   UDR 177 PZ7.U27 L FISTK04398 10/24/2025 10/24/2025 Books 2
    Dewey Decimal Classification     Juvenile Fiction Footprints International School Library Network Toul Tom Poung Campus Footprints International School Library Network Toul Tom Poung Campus TTP Primary Dark Blue Bookshelves 06/24/2025   UDR 177 PZ7.U27 L FIS02977 06/24/2025 06/24/2025 Books